00828cam a22002417a 4500001001000000003000500010005001700015008004100032010001000073011001000083035001000093040000900103100003200112245011000144260007200254300002200326410004400348490003000392650004900422650004100471810004400512830003000556000080714CHAP20220817043528.0990423 1995 mx r 00010 spa d a77588 a78560 a88559 cCHAP00aNotario de la Torre, Angel.10aSeminario taller :btemas sobre didáctica de la educación superior /c/por Angel Notario de la Torre. aChapingo, Méx. :bUACH. División de Ciencias Forestales,c1995. a30 p. :bcuadros.2 aUACH. División de Ciencias Forestales1 aBoletín técnicov; 3014aEducación superiorxEstudio y enseñanza.14aEducación superiorxMetodología.2 aUACH. División de Ciencias Forestales0 aBoletín técnicov; 30